Library of the University of Algiers 3
Ibrahim Sultan Cheibout
شعار جامعة الجزائر 3
مكتبة جامعة الجزائر 3
إبراهيم سلطان شيبوط

السياسات المالية والنقدية : (رقم التسجيلة. 44603)

تفاصيل مارك
000 -LEADER
fixed length control field 01611nam a2200277Ia 4500
003 - CONTROL NUMBER IDENTIFIER
control field Ost
005 - DATE AND TIME OF LATEST TRANSACTION
control field 20260507075448.0
008 - FIXED-LENGTH DATA ELEMENTS--GENERAL INFORMATION
fixed length control field 260507s9999||||xx |||||||||||||| ||und||
020 ## - INTERNATIONAL STANDARD BOOK NUMBER
International Standard Book Number 1033422977
040 ## - CATALOGING SOURCE
Transcribing agency fsecg
041 ## - LANGUAGE CODE
Language code of text/sound track or separate title ara
082 ## - DEWEY DECIMAL CLASSIFICATION NUMBER
Classification number 336.3
100 ## - MAIN ENTRY--PERSONAL NAME
Personal name حمدي، عبد العظيم
Relator term مؤلف
245 #0 - TITLE STATEMENT
Title السياسات المالية والنقدية :
Remainder of title دراسة مقارنة بين الفكر الوضعى والفكر الاسلامي /
Statement of responsibility, etc. عبد العظيم حمدي
260 ## - PUBLICATION, DISTRIBUTION, ETC.
Place of publication, distribution, etc. الاسكندرية:
Name of publisher, distributor, etc. الدار الجامعية,
Date of publication, distribution, etc. 2007
300 ## - PHYSICAL DESCRIPTION
Extent 453 صفحة؛
Other physical details إيضاحات ؛
Dimensions 24 سم
504 ## - BIBLIOGRAPHY, ETC. NOTE
Bibliography, etc. note بيبليوغرافيا ص.439
520 ## - SUMMARY, ETC.
Summary, etc. يحتوي الكتاب على المحاور التالية:السياسة المالية و النقدية: نشأة الفكر النقدي ، الفكر النقدي الحديث ، الفكر النقدي الحديث وتغييرات سعر الصرف ، السياسة المالية بين الماضي و الحاضر: نشأة السياسة المالية ، السياسة المالية في الوقت الحاضر ، الجدل بين أنصار السياية المالية وأنصار السياسة النقدية ، السياسة النقدية والمالية في الإسلام
653 ## - INDEX TERM--UNCONTROLLED
Uncontrolled term السودان - السياسات المالية
653 ## - INDEX TERM--UNCONTROLLED
Uncontrolled term السياسات الضريبية
653 ## - INDEX TERM--UNCONTROLLED
Uncontrolled term السياسة مالية
653 ## - INDEX TERM--UNCONTROLLED
Uncontrolled term السياسة نقدية
653 ## - INDEX TERM--UNCONTROLLED
Uncontrolled term الفكر اسلامي
653 ## - INDEX TERM--UNCONTROLLED
Uncontrolled term المالية العامة -- مصر
942 ## - ADDED ENTRY ELEMENTS (KOHA)
Koha item type كتب
المقتنيات
Withdrawn status Lost status Source of classification or shelving scheme Damaged status Not for loan Home library Current library Date acquired Serial enumeration / chronology Inventory number Total checkouts Full call number Barcode Date last seen Price effective from Koha item type
    Dewey Decimal Classification   NOT LOAN / إعارة داخلية مكتبة كلية العلوم الإقتصادية والعلوم التجارية وعلوم التسيير مكتبة كلية العلوم الإقتصادية والعلوم التجارية وعلوم التسيير 07/05/2026 الطابق الأرضي 3995   أ/2838ن1 3995 07/05/2026 07/05/2026 كتب
    Dewey Decimal Classification   Available مكتبة كلية العلوم الإقتصادية والعلوم التجارية وعلوم التسيير مكتبة كلية العلوم الإقتصادية والعلوم التجارية وعلوم التسيير 07/05/2026 الطابق الأرضي 3996   أ/2838ن2 3996 07/05/2026 07/05/2026 كتب
    Dewey Decimal Classification   Available مكتبة كلية العلوم الإقتصادية والعلوم التجارية وعلوم التسيير مكتبة كلية العلوم الإقتصادية والعلوم التجارية وعلوم التسيير 07/05/2026 الطابق الأرضي 3997   أ/2838ن3 3997 07/05/2026 07/05/2026 كتب
    Dewey Decimal Classification   Available مكتبة كلية العلوم الإقتصادية والعلوم التجارية وعلوم التسيير مكتبة كلية العلوم الإقتصادية والعلوم التجارية وعلوم التسيير 07/05/2026 الطابق الثاني 3998   أ/2838ن4 3998 07/05/2026 07/05/2026 كتب
    Dewey Decimal Classification   Available مكتبة كلية العلوم الإقتصادية والعلوم التجارية وعلوم التسيير مكتبة كلية العلوم الإقتصادية والعلوم التجارية وعلوم التسيير 07/05/2026 الطابق الثاني 3999   أ/2838ن5 3999 07/05/2026 07/05/2026 كتب
    Dewey Decimal Classification   Available مكتبة كلية العلوم الإقتصادية والعلوم التجارية وعلوم التسيير مكتبة كلية العلوم الإقتصادية والعلوم التجارية وعلوم التسيير 07/05/2026 مكتبة بن عكنون 4000   أ/2838ن6 4000 07/05/2026 07/05/2026 كتب
    Dewey Decimal Classification   Available مكتبة كلية العلوم الإقتصادية والعلوم التجارية وعلوم التسيير مكتبة كلية العلوم الإقتصادية والعلوم التجارية وعلوم التسيير 07/05/2026 مكتبة بن عكنون 4001   أ/2838ن7 4001 07/05/2026 07/05/2026 كتب
    Dewey Decimal Classification   Available مكتبة كلية العلوم الإقتصادية والعلوم التجارية وعلوم التسيير مكتبة كلية العلوم الإقتصادية والعلوم التجارية وعلوم التسيير 07/05/2026 مكتبة بن عكنون 4002   أ/2838ن8 4002 07/05/2026 07/05/2026 كتب

موارد الويب المفتوحة


© University of Algiers 3 All Rights Reserved
|
Implemented by LECHELAH Riad